Statistics for Real Madrid scorers in Liga 2016-2017

Click here to take the quiz!

General Stats

  • This quiz has been taken 247 times
  • The average score is 15 of 19

Answer Stats

PlayerGoals% Correct
Cristiano Ronaldo24
100%
Karim Benzema10
100%
Gareth Bale7
99%
Sergio Ramos7
99%
Toni Kroos3
96%
Luka Modric1
95%
Marcelo2
93%
Casemiro4
91%
Isco10
91%
Raphael Varane1
85%
James Rodriguez8
78%
Marco Asensio3
78%
Pepe2
73%
Alvaro Morata15
72%
Lucas Vazquez2
71%
Nacho Fernandez2
69%
Mateo Kovacic1
44%
Mariano1
41%
Danilo1
40%

Score Distribution

Percentile by Number Answered

Percent of People with Each Score

Your Score History

You have not taken this quiz